[Event "Senta op 23rd"]
[Site "Senta"]
[Date "2019.07.20"]
[Round "2"]
[White "Pajzer, Istvan"]
[Black "Soklovacki, Mila"]
[Result "1-0"]
[WhiteElo "2041"]
[BlackElo "1851"]
[PlyCount "65"]
[EventDate "2019.07.19"]
[EventType "swiss"]
[EventRounds "9"]
[EventCountry "SRB"]
[SourceTitle "EXT 2020"]
[Source "ChessBase"]
[SourceDate "2019.10.17"]
[SourceVersion "1"]
[SourceVersionDate "2019.10.17"]
[SourceQuality "1"]

1. d4 d5 2. c4 e6 3. Nc3 Nf6 4. Bg5 Be7 5. Bxf6 Bxf6 6. e4 dxe4 7. Nge2 c5 8. dxc5 Qxd1+ 9. Rxd1 Bxc3+ 10. Nxc3 f5 11. Nb5 Na6 12. b4 Ke7 13. a3 Rd8 14. Rxd8 Kxd8 15. Be2 Nc7 16. Nd6 Ke7 17. Kd2 Ne8 18. Nxe8 Kxe8 19. f3 exf3 20. Bxf3 e5 21. Bd5 Ke7 22. Kc3 Rb8 23. a4 e4 24. g4 g6 25. gxf5 gxf5 26. Rg1 Kf6 27. Rg8 e3 28. Re8 f4 29. Kd4 Bd7 30. Rxb8 e2 31. Rf8+ Ke7 32. Rxf4 e1Q 33. Re4+ 1-0

[Event "Senta op 21st"]
[Site "Senta"]
[Date "2017.07.29"]
[Round "7"]
[White "Soklovacki, Mila"]
[Black "Farkas, Istvan"]
[Result "1-0"]
[WhiteElo "1828"]
[BlackElo "1583"]
[PlyCount "79"]
[EventDate "2017.07.24"]
[EventType "swiss"]
[EventRounds "9"]
[EventCountry "SRB"]
[SourceTitle "CBM 179 Extra"]
[Source "ChessBase"]
[SourceDate "2017.08.23"]
[SourceVersion "1"]
[SourceVersionDate "2017.08.23"]
[SourceQuality "1"]

1. e4 d6 2. d4 Nf6 3. Nc3 g6 4. f3 Bg7 5. Be3 0-0 6. Qd2 Nbd7 7. Bh6 e5 8. Bxg7 Kxg7 9. 0-0-0 Nh5 10. Nge2 a6 11. g4 Nhf6 12. h4 h5 13. g5 Nh7 14. dxe5 Nxe5 15. f4 Ng4 16. Ng3 Kg8 17. f5 Bd7 18. Bc4 Ne5 19. fxg6 Nxg6 20. Nxh5 b5 21. Be2 Bc6 22. Nd5 Bxd5 23. exd5 Qe7 24. Rde1 Qd7 25. Qc3 Ne5 26. Bd3 f5 27. Nf4 a5 28. Ne6 Rf7 29. Ref1 b4 30. Qb3 a4 31. Qxb4 c5 32. Qd2 Nxd3+ 33. Qxd3 Nf8 34. Nxf8 Raxf8 35. g6 Rf6 36. h5 Qc8 37. Rfg1 c4 38. Qc3 Qe8 39. g7 R8f7 40. h6 1-0

[Event "Senta op 21st"]
[Site "Senta"]
[Date "2017.07.27"]
[Round "4"]
[White "Radakovic, Jovan"]
[Black "Soklovacki, Mila"]
[Result "1/2-1/2"]
[WhiteElo "1560"]
[BlackElo "1828"]
[PlyCount "25"]
[EventDate "2017.07.24"]
[EventType "swiss"]
[EventRounds "9"]
[EventCountry "SRB"]
[SourceTitle "CBM 179 Extra"]
[Source "ChessBase"]
[SourceDate "2017.08.23"]
[SourceVersion "1"]
[SourceVersionDate "2017.08.23"]
[SourceQuality "1"]

1. e4 c5 2. Nf3 Nc6 3. d3 d6 4. Be3 Nf6 5. Nbd2 e6 6. g3 Be7 7. Bg2 0-0 8. 0-0 Qc7 9. c3 d5 10. exd5 Nxd5 11. Re1 Nxe3 12. Rxe3 Rd8 13. Qc2 1/2-1/2

[Event "Senta-ch"]
[Site "Senta"]
[Date "2017.02.17"]
[Round "7"]
[White "Soklovacki, Mila"]
[Black "Aleksic, Zvonimir"]
[Result "1/2-1/2"]
[WhiteElo "1791"]
[BlackElo "1883"]
[PlyCount "46"]
[EventDate "2017.01.20"]
[EventType "swiss"]
[EventRounds "9"]
[EventCountry "SRB"]
[SourceTitle "EXT 2018"]
[Source "ChessBase"]
[SourceDate "2017.10.13"]
[SourceVersion "1"]
[SourceVersionDate "2017.10.13"]
[SourceQuality "1"]

1. e4 d6 2. d4 g6 3. Nf3 Bg7 4. c3 Nd7 5. Bd3 e6 6. 0-0 Ne7 7. Be3 c6 8. Qd2 0-0 9. Bh6 Qa5 10. Bxg7 Kxg7 11. Na3 e5 12. Nc4 Qc7 13. dxe5 Nxe5 14. Ncxe5 dxe5 15. Qe3 Bg4 16. h3 Bxf3 17. Qxf3 Rad8 18. Rfd1 Ng8 19. Bc2 Rxd1+ 20. Rxd1 Rd8 21. Rxd8 Qxd8 22. Qd1 Qxd1+ 23. Bxd1 Nf6 1/2-1/2

[Event "Senta-ch"]
[Site "Senta"]
[Date "2017.01.22"]
[Round "3"]
[White "Soklovacki, Mila"]
[Black "Soklovacki, Marija"]
[Result "1/2-1/2"]
[WhiteElo "1791"]
[BlackElo "1822"]
[PlyCount "27"]
[EventDate "2017.01.20"]
[EventType "swiss"]
[EventRounds "9"]
[EventCountry "SRB"]
[SourceTitle "EXT 2018"]
[Source "ChessBase"]
[SourceDate "2017.10.13"]
[SourceVersion "1"]
[SourceVersionDate "2017.10.13"]
[SourceQuality "1"]

1. e4 d6 2. d4 Nf6 3. Bd3 g6 4. h3 Bg7 5. Nf3 0-0 6. 0-0 a6 7. c3 Nbd7 8. Re1 e5 9. Bg5 h6 10. Bh4 c6 11. Nbd2 Qc7 12. a4 a5 13. Qc2 Re8 14. Rad1 1/2-1/2

[Event "Senta-ch"]
[Site "Senta"]
[Date "2017.01.21"]
[Round "2"]
[White "Szirovicza, Alex"]
[Black "Soklovacki, Mila"]
[Result "1/2-1/2"]
[WhiteElo "1529"]
[BlackElo "1791"]
[PlyCount "54"]
[EventDate "2017.01.20"]
[EventType "swiss"]
[EventRounds "9"]
[EventCountry "SRB"]
[SourceTitle "EXT 2018"]
[Source "ChessBase"]
[SourceDate "2017.10.13"]
[SourceVersion "1"]
[SourceVersionDate "2017.10.13"]
[SourceQuality "1"]

1. e4 c5 2. Nf3 Nc6 3. d4 cxd4 4. Nxd4 e5 5. Nf3 Nf6 6. Bd3 Bb4+ 7. c3 Be7 8. 0-0 d6 9. h3 h6 10. Re1 Be6 11. Nbd2 0-0 12. Nf1 Qc7 13. Ng3 Rad8 14. Bd2 Nh7 15. Qc1 g5 16. Kh2 f6 17. Rh1 Rf7 18. Kg1 Bf8 19. Rh2 Bg7 20. Nh5 Bf8 21. Qf1 Ne7 22. Ng3 f5 23. exf5 Nxf5 24. Bxf5 Bxf5 25. Nxf5 Rxf5 26. Qd3 Rf6 27. Qd5+ Qf7 1/2-1/2

[Event "Senta-ch"]
[Site "Senta"]
[Date "2017.01.20"]
[Round "1"]
[White "Soklovacki, Mila"]
[Black "Simonyi, Zoltan"]
[Result "0-1"]
[WhiteElo "1791"]
[BlackElo "2213"]
[PlyCount "62"]
[EventDate "2017.01.20"]
[EventType "swiss"]
[EventRounds "9"]
[EventCountry "SRB"]
[SourceTitle "EXT 2018"]
[Source "ChessBase"]
[SourceDate "2017.10.13"]
[SourceVersion "1"]
[SourceVersionDate "2017.10.13"]
[SourceQuality "1"]

1. e4 d5 2. exd5 Nf6 3. Nf3 Nxd5 4. d4 g6 5. Be2 Bg7 6. c3 0-0 7. 0-0 Nc6 8. Nbd2 Nf4 9. Nc4 Nxe2+ 10. Qxe2 Qd5 11. Ne3 Qd7 12. h3 b6 13. Ng4 Bb7 14. Bf4 Rae8 15. Rfe1 Nd8 16. Bh6 Bxh6 17. Nxh6+ Kg7 18. Ng4 f6 19. Qe3 Nf7 20. Nd2 h5 21. Nh2 e5 22. Nb3 e4 23. Qf4 f5 24. h4 Qd6 25. Qxd6 Nxd6 26. Nd2 Rf7 27. g3 f4 28. Nhf1 Ref8 29. Kg2 e3+ 30. Nf3 exf2 31. Kxf2 fxg3+ 0-1

[Event "Senta op 20th"]
[Site "Senta"]
[Date "2016.07.23"]
[Round "3"]
[White "Soklovacki, Mila"]
[Black "Csizik, Karoly"]
[Result "1/2-1/2"]
[WhiteElo "1791"]
[BlackElo "2116"]
[PlyCount "44"]
[EventDate "2016.07.22"]
[EventType "swiss"]
[EventRounds "9"]
[EventCountry "SRB"]
[SourceTitle "EXT 2017"]
[Source "ChessBase"]
[SourceDate "2016.10.25"]
[SourceVersion "1"]
[SourceVersionDate "2016.10.25"]
[SourceQuality "1"]

1. e4 c5 2. Nf3 Nc6 3. Bb5 Nf6 4. Bxc6 bxc6 5. e5 Nd5 6. 0-0 g6 7. b3 Bg7 8. Bb2 0-0 9. Qc1 Qc7 10. Re1 d6 11. exd6 exd6 12. Bxg7 Kxg7 13. h3 Bf5 14. Qb2+ f6 15. Nh4 Qd7 16. Nxf5+ Qxf5 17. Nc3 Rae8 18. Nxd5 cxd5 19. d3 Re5 20. Qa3 Rf7 21. Rxe5 Qxe5 22. Rd1 Re7 1/2-1/2

[Event "Senta-ch"]
[Site "Senta"]
[Date "2016.02.05"]
[Round "7"]
[White "Toth, Kazmer"]
[Black "Soklovacki, Mila"]
[Result "1/2-1/2"]
[WhiteElo "1939"]
[BlackElo "1835"]
[PlyCount "118"]
[EventDate "2016.01.22"]
[EventType "swiss"]
[EventRounds "9"]
[EventCountry "SRB"]
[SourceTitle "CBM 170 Extra"]
[Source "ChessBase"]
[SourceDate "2016.02.25"]
[SourceVersion "1"]
[SourceVersionDate "2016.02.25"]
[SourceQuality "1"]

1. d4 d5 2. c4 e6 3. Nf3 Nf6 4. Nc3 c5 5. cxd5 Nxd5 6. e4 cxd4 7. Bb5+ Bd7 8. exd5 dxc3 9. dxe6 fxe6 10. Bxd7+ Qxd7 11. Qxd7+ Nxd7 12. bxc3 Rc8 13. Bd2 Be7 14. 0-0 Bf6 15. Rfe1 Kf7 16. Nd4 Bxd4 17. cxd4 Rc2 18. Be3 Nf6 19. h3 Nd5 20. a4 Rhc8 21. a5 b6 22. axb6 axb6 23. Ra7+ R8c7 24. Rxc7+ Rxc7 25. Rb1 Rc3 26. Bg5 h6 27. Bd8 Rd3 28. Bxb6 Nxb6 29. Rxb6 Rxd4 30. Kf1 Rd2 31. Ke1 Ra2 32. Rd6 g5 33. Rd2 Ra6 34. Ke2 Kf6 35. Rd3 Ra5 36. g4 Ra6 37. Ke3 Ra2 38. Kf3 Rb2 39. Kg3 Rb6 40. f3 Kg6 41. h4 gxh4+ 42. Kxh4 Ra6 43. Rb3 Rc6 44. Rb8 Rc3 45. Rf8 Kg7 46. Rf4 Kg6 47. Kg3 Ra3 48. Rb4 Rc3 49. Kf4 Ra3 50. Ke4 Ra5 51. f4 Kf6 52. Rb6 Ra4+ 53. Kf3 Ra3+ 54. Kf2 Kf7 55. Rc6 Rb3 56. Rc5 Ra3 57. Re5 Kf6 58. Re3 Rxe3 59. Kxe3 e5 1/2-1/2

[Event "Senta-ch"]
[Site "Senta"]
[Date "2016.01.24"]
[Round "3"]
[White "Soklovacki, Mila"]
[Black "Solymosi, Andras"]
[Result "1/2-1/2"]
[WhiteElo "1835"]
[BlackElo "1991"]
[PlyCount "26"]
[EventDate "2016.01.22"]
[EventType "swiss"]
[EventRounds "9"]
[EventCountry "SRB"]
[SourceTitle "CBM 170 Extra"]
[Source "ChessBase"]
[SourceDate "2016.02.25"]
[SourceVersion "1"]
[SourceVersionDate "2016.02.25"]
[SourceQuality "1"]

1. e4 c5 2. Nf3 d6 3. Bb5+ Nd7 4. 0-0 Ngf6 5. Re1 e6 6. d4 cxd4 7. Qxd4 Be7 8. c4 0-0 9. Bxd7 Bxd7 10. Nc3 Qc7 11. b3 Rfd8 12. Bb2 Bc6 13. Qe3 a6 1/2-1/2

[Event "Senta op 19th"]
[Site "Senta"]
[Date "2015.07.11"]
[Round "1"]
[White "Baglan, Esat"]
[Black "Soklovacki, Mila"]
[Result "1-0"]
[WhiteElo "2257"]
[BlackElo "1901"]
[PlyCount "91"]
[EventDate "2015.07.11"]
[EventType "swiss"]
[EventRounds "9"]
[EventCountry "SRB"]
[SourceTitle "EXT 2016"]
[Source "ChessBase"]
[SourceDate "2015.10.08"]
[SourceVersion "1"]
[SourceVersionDate "2015.10.08"]
[SourceQuality "1"]

1. e4 c5 2. Nf3 Nc6 3. d4 cxd4 4. Nxd4 e5 5. Nb5 a6 6. Nd6+ Bxd6 7. Qxd6 Qf6 8. Qxf6 Nxf6 9. Nc3 d6 10. Be3 Be6 11. 0-0-0 Rd8 12. Be2 0-0 13. Rd2 d5 14. exd5 Nxd5 15. Nxd5 Rxd5 16. Rhd1 Rfd8 17. Rxd5 Rxd5 18. Rxd5 Bxd5 19. f3 f6 20. c4 Be6 21. Kd2 Kf7 22. Bc5 Bd7 23. Kc3 g6 24. b4 Nd8 25. b5 Ne6 26. Bf2 Nf4 27. Bf1 axb5 28. cxb5 Ke6 29. a4 Kd6 30. a5 Nd5+ 31. Kb3 Nc7 32. a6 bxa6 33. bxa6 Bc6 34. h4 Ne6 35. Kb4 f5 36. a7 Nc7 37. Bc5+ Kd7 38. Bb6 Nd5+ 39. Kc5 Nxb6 40. Kxb6 Kd6 41. Ba6 e4 42. fxe4 fxe4 43. Bb7 Bxb7 44. Kxb7 e3 45. a8Q Ke5 46. Qa2 1-0

[Event "SRB-ch U16 Girls"]
[Site "Vrbas"]
[Date "2015.04.14"]
[Round "6"]
[White "Soklovacki, Mila"]
[Black "Miljkovic, Jovana"]
[Result "1/2-1/2"]
[WhiteElo "1924"]
[BlackElo "1933"]
[PlyCount "56"]
[EventDate "2015.04.09"]
[EventType "swiss"]
[EventRounds "7"]
[EventCountry "SRB"]
[SourceTitle "EXT 2016"]
[Source "ChessBase"]
[SourceDate "2015.10.08"]
[SourceVersion "1"]
[SourceVersionDate "2015.10.08"]
[SourceQuality "1"]

1. e4 c5 2. Nf3 d6 3. Bb5+ Bd7 4. Bxd7+ Qxd7 5. d4 Qg4 6. 0-0 cxd4 7. Qxd4 Nc6 8. Qd3 Nf6 9. Nc3 g6 10. Bg5 Nd7 11. h3 Qe6 12. Nd5 Rc8 13. Nf4 Nde5 14. Nxe6 Nxd3 15. Nxf8 Nc5 16. Nxg6 fxg6 17. Rfd1 Ne6 18. Be3 Nb4 19. c3 Nc2 20. Bxa7 Nxa1 21. Rxa1 Nc5 22. Bxc5 dxc5 23. Rd1 Rd8 24. Rxd8+ Kxd8 25. Kf1 Kc7 26. Ke2 Ra8 27. a3 Kc6 28. Kd2 Rf8 1/2-1/2

[Event "Senta-ch"]
[Site "Senta"]
[Date "2015.02.15"]
[Round "7"]
[White "Soklovacki, Mila"]
[Black "Vranic, Ljubomir"]
[Result "1-0"]
[WhiteElo "1834"]
[BlackElo "2199"]
[PlyCount "97"]
[EventDate "2015.01.30"]
[EventType "swiss"]
[EventRounds "9"]
[EventCountry "SRB"]
[SourceTitle "EXT 2016"]
[Source "ChessBase"]
[SourceDate "2015.10.08"]
[SourceVersion "1"]
[SourceVersionDate "2015.10.08"]
[SourceQuality "1"]

1. e4 c5 2. Nc3 Nc6 3. Nf3 g6 4. d4 cxd4 5. Nxd4 Bg7 6. Be3 Nf6 7. Be2 d6 8. Qd2 Qa5 9. Nb3 Qc7 10. f3 Be6 11. Nb5 Qc8 12. N5d4 0-0 13. 0-0 a5 14. a4 Nxd4 15. Nxd4 Bc4 16. Bxc4 Qxc4 17. b3 Qc8 18. c4 Nd7 19. Rab1 Nc5 20. Nb5 f5 21. exf5 Rxf5 22. Bd4 Bxd4+ 23. Qxd4 Ne6 24. Qd2 Qc5+ 25. Qf2 Rc8 26. Qxc5 Nxc5 27. Rfe1 Kf7 28. Re3 Rf6 29. Rbe1 Re6 30. Rxe6 Nxe6 31. g3 Rc5 32. Rd1 Re5 33. Kf2 Nc5 34. Nd4 d5 35. cxd5 Rxd5 36. Ke2 e5 37. Nb5 Rxd1 38. Kxd1 Nxb3 39. Nd6+ Ke6 40. Nxb7 Kd5 41. Kc2 Nd4+ 42. Kd3 Nxf3 43. h4 Nd4 44. Nxa5 Nb3 45. Nxb3 e4+ 46. Ke3 Kc4 47. Nd2+ Kb4 48. Nxe4 Kxa4 49. Nf6 1-0

[Event "Senta-ch"]
[Site "Senta"]
[Date "2015.02.01"]
[Round "3"]
[White "Soklovacki, Mila"]
[Black "Aleksic, Zvonimir"]
[Result "1-0"]
[WhiteElo "1834"]
[BlackElo "1874"]
[PlyCount "109"]
[EventDate "2015.01.30"]
[EventType "swiss"]
[EventRounds "9"]
[EventCountry "SRB"]
[SourceTitle "EXT 2016"]
[Source "ChessBase"]
[SourceDate "2015.10.08"]
[SourceVersion "1"]
[SourceVersionDate "2015.10.08"]
[SourceQuality "1"]

1. e4 d5 2. exd5 Nf6 3. Nc3 e6 4. dxe6 Bxe6 5. Nf3 Bb4 6. Be2 0-0 7. 0-0 Re8 8. a3 Bd6 9. d3 Nbd7 10. Bg5 h6 11. Bh4 Nf8 12. Ne4 Be7 13. Nxf6+ Bxf6 14. Bxf6 Qxf6 15. d4 Rad8 16. c3 Ng6 17. Re1 Nf4 18. Nd2 Qg6 19. Bf3 Bh3 20. Rxe8+ Rxe8 21. g3 c6 22. Nc4 Nd3 23. Qd2 Qf5 24. Bh1 Re6 25. Ne3 Qb5 26. b4 Nxf2 27. Kxf2 Rf6+ 28. Kg1 h5 29. Bg2 Bd7 30. Rf1 Rh6 31. d5 c5 32. c4 Qb6 33. b5 h4 34. Nf5 Bxf5 35. Rxf5 hxg3 36. hxg3 a6 37. Qe2 Qd8 38. Re5 Qf6 39. Re8+ Kh7 40. Qe4+ Rg6 41. Qh4+ Qxh4 42. gxh4 axb5 43. cxb5 Rg4 44. Rc8 c4 45. d6 Rd4 46. d7 Rxd7 47. Rxc4 Kg6 48. a4 Kf6 49. b6 Rd1+ 50. Kh2 Rb1 51. a5 Ke5 52. Rc7 Rb5 53. Rxb7 Rxa5 54. Rxf7 Rb5 55. b7 1-0